000 00548nam a22001937a 4500
003 KOHA_MİRAKIL
005 20250428153824.0
008 250428b tu ||||| |||| 00| 0 tur d
020 _a9789750524332
040 _aTR-AnABB
_btur
_cTR-AnABB
041 _atur
082 _a943.085
_bHAF 2018
100 1 _aHaffner, Sebastian,
245 1 0 _aBir Alman'ın hikayesi /
_cSebastian Haffner
260 _aİstanbul :
_bİletişim Yayınları,
_c2018
300 _a270 sayfa ;
_c20 cm
650 0 4 _aAlman edebiyatı, roman
942 _2ddc
_cBK
999 _c8846
_d8846
900 _bGizem YORULMAZ